Bibó István a szegedi karon.
Elmentve itt :
| Szerző: | |
|---|---|
| Dokumentumtípus: | Cikk |
| Megjelent: |
1992-01-01
|
| Sorozat: | Jogtudományi Közlöny
3. évf No. 4. szá |
| Kulcsszavak: | Bibó István |
| Online Access: | http://univ.bibl.u-szeged.hu/22129 |
| LEADER | 00488nab a2200157 i 4500 | ||
|---|---|---|---|
| 001 | univ22129 | ||
| 005 | 20171214104940.0 | ||
| 008 | 171214s1992 hu o 0|| zxx d | ||
| 040 | |a SZTE UnivHistória Repozitórium |b hun | ||
| 041 | |a zxx | ||
| 100 | 1 | |a Ruszoly József | |
| 245 | 1 | 0 | |a Bibó István a szegedi karon. |h [elektronikus dokumentum] / |c Ruszoly József |
| 260 | |c 1992-01-01 | ||
| 490 | 0 | |a Jogtudományi Közlöny |v 3. évf No. 4. szá | |
| 561 | |a Egyetemi hirarchívum | ||
| 695 | |a Bibó István | ||